Statistiken für Woyzeck-Quiz

Klicken Sie hier um das Quiz zu spielen!

Allgemein

  • Dieses Quiz wurde 480 mal gespielt
  • Das Durchschnittsergebnis liegt bei 8 aus 10

Antwortstatistiken

FrageAntwort% Korrekt
Für welches medizinische Experiment dient Woyzeck dem Doktor als Versuchskaninchen?Ernährung ausschließlich durch Erbsen
97%
Wer schrieb das Drama?Georg Büchner
97%
Warum ermordet Woyzeck seine Freundin Marie?sie ist ihm untreu
96%
Wo findet der Mord statt?an einem Teich
94%
Welche psychische Störung weist Woyzeck auf?er hört Stimmen
93%
Das Ende und damit die Moral welchen Märchens deutet die Großmutter beim Erzählen um?Sterntaler
80%
Welche Auffälligkeit trifft auf die Sprache des Stücks zu?Umgangssprache
64%
Welche Besonderheit trifft auf die Entstehungsgeschichte des Dramas NICHT zu?wie sich später herausstellte, war der tatsächliche Autor Heinrich Heine
60%
Welcher Schauspieler spielte 1979 den Woyzeck in einem Kinofilm?Klaus Kinski
52%
Wer führte bei demselben Film Regie?Werner Herzog
38%

Verteilung der Resultate

Perzentil nach korrekt beantworteten Fragen

Anzahl Personen mit jedem Resultat

Ihre Resultats-Entwicklung

Sie haben dieses Quiz noch nicht gespielt